LEADER 01735nam--2200409---450- 001 990003042050203316 005 20080107134655.0 010 $a92-9167-633-0 035 $a000304205 035 $aUSA01000304205 035 $a(ALEPH)000304205USA01 035 $a000304205 100 $a20080107d2003----km-y0itay0103----ba 101 $aeng 102 $aLU 105 $a||||||||001yy 200 1 $aAir pollution by ozone in Europe in summer 2003$eoverview of exceedances of EC ozone threshold values during the summer season april-august 2003 and comparisons with previous years$fprepared by Jaroslav Fiala ... [ et al. ] 210 $aLuxembourg$cOffice for official publications of the European Communities$d2003 215 $aVI, 26 p.$d30 cm 225 2 $aTopic Report$v3/2003 300 $aIn calce al front.: European Environment Agency 300 $aSul front.: Report to the European Commission by the European Environment Agency, European topic Centre on Air and Climate Change based on data provided in the framework of Council directive 92/72/EEC on air pollution by ozone by 15 September 2003 410 0$12001$aTopic Report$v3/2003 606 0 $aInquinamento atmosferico$xPaesi della Comunità europea$z2003 676 $a363.7392094 699 $a16.04$bLotta all'inquinamento 702 1$aJAROSLAV,$bFiala 712 02$aAGENZIA EUROPEA DELL'AMBIENTE 801 0$aIT$bsalbc$gISBD 912 $a990003042050203316 951 $aCDE 16.04 (XXVIII)$b12516 E.C.$cCDE 08.11$d00150041 959 $aBK 969 $aCDE 979 $aMARIAS$b90$c20080107$lUSA01$h1343 979 $aMARIAS$b90$c20080107$lUSA01$h1346 996 $aAir pollution by ozone in Europe in summer 2003$91021492 997 $aUNISA